Score 0/85 Timer 10:00
0 Plays Today
Hint Answer % Correct
CountryBrazil
96.9%
CountryCanada
96.9%
CountryUnited States
96.9%
City #1São Paulo
95.3%
CapitalCanberra
93.8%
CountryAustralia
93.8%
City #1Sydney
93.8%
CapitalOttawa
93.8%
City #1Toronto
93.8%
City #1New York
93.8%
City #2Los Angeles
93.8%
CountrySouth Africa
92.2%
CapitalBrasília
92.2%
City #3Chicago
92.2%
City #2Melbourne
90.6%
City #2Rio de Janeiro
90.6%
City #2Montréal
90.6%
CapitalWashington, D.C.
90.6%
CapitalPretoria
87.5%
City #1Johannesburg
87.5%
CountryNigeria
87.5%
City #3Durban
85.9%
CountryIndia
85.9%
City #3Vancouver
84.4%
City #1Mumbai
84.4%
CapitalNew Delhi
82.8%
City #1Lagos
81.3%
City #3Kolkata
81.3%
City #2Cape Town
79.7%
Hint Answer % Correct
CountryPakistan
79.7%
CapitalAbuja
78.1%
City #3Brisbane
78.1%
CapitalBern
78.1%
City #1Karāchi
76.6%
CountrySwitzerland
76.6%
City #1Zürich
76.6%
City #2Delhi
75%
CapitalIslamabad
73.4%
CountryPalau
70.3%
City #2Genève
68.8%
CountryTaiwan
65%
CapitalTaipei
65%
CountryTanzania
64.1%
City #1Dar es Salaam
64.1%
CapitalDodoma
62.5%
City #2Lahore
60.9%
City #3Salvador
59.4%
CountrySri Lanka
59.4%
City #3Ibadan
56.3%
CountryMalta
56.3%
CountryMyanmar
56.3%
City #1Colombo
56.3%
City #3Basel
56.3%
City #1New Taipei City
55%
City #2Kaohsiung
55%
CapitalValletta
53.1%
City #1Yangon
50%
CountryCôte d'Ivoire
50%
Hint Answer % Correct
CapitalYamoussoukro
50%
City #1Abidjan
50%
CapitalNgerulmud
48.4%
CapitalNaypyidaw
46.9%
City #2Kano
45.3%
CapitalSri Jayawardenepura Kotte
45.3%
CountryPalestine
43.8%
CapitalRamallah
43.8%
City #1Gaza
40.6%
City #3Taichung
40%
City #1Birkirkara
39.1%
City #3Faisalābād
34.4%
City #3Zanzibar
31.3%
City #2Mandalay
29.7%
City #1Koror
29.7%
City #2Jerusalem (eastern)
29.7%
City #2Bouaké
25%
City #3Daloa
25%
City #2Mosta
18.8%
City #2Dehiwala-Mount Lavinia
18.8%
City #2Mwanza
18.8%
City #3St. Paul's Bay
15.6%
City #3Mawlamyine
14.1%
City #2Airai
12.5%
City #3Meyuns
12.5%
City #3Khan Yunis
12.5%
City #3Moratuwa
12.5%
Remove Ads.
Support Sporcle.
Get the best of Sporcle when you Go Orange. This ad-free experience offers more features, more stats, and more fun while also helping to support Sporcle. Thank you for becoming a member.

You're not logged in!

Compare scores with friends on all Sporcle quizzes.
OR
Log In

Show Comments

Extras

Top Quizzes Today


Score Distribution

Your Account Isn't Verified!

In order to create a playlist on Sporcle, you need to verify the email address you used during registration. Go to your Sporcle Settings to finish the process.

Report this User

Report this user for behavior that violates our Community Guidelines.

Details: